ਮੰਨੂ ਭੰਡਾਰੀ ਦੀਆਂ ਚੋਣਵੀਆਂ ਕਹਾਣੀਆਂ (Record no. 1228428)

MARC details
000 -LEADER
fixed length control field 00768nam a2200217Ia 4500
005 - DATE AND TIME OF LATEST TRANSACTION
control field 20241129111005.0
008 - FIXED-LENGTH DATA ELEMENTS--GENERAL INFORMATION
fixed length control field 241129s9999||||xx |||||||||||||| ||und||
020 ## - INTERNATIONAL STANDARD BOOK NUMBER
International Standard Book Number 978-81-237-6993-6
037 ## - SOURCE OF ACQUISITION
Stock number TB
040 ## - CATALOGING SOURCE
Original cataloging agency CRL
Language of cataloging pun
Transcribing agency CRL
041 ## - LANGUAGE CODE
Language code of text/sound track or separate title pun
Source of code pun
084 ## - COLON CLASSIFICATION NUMBER
Classification number O152,3N31x 153Q4
Assigning agency CRL
100 ## - MAIN ENTRY--PERSONAL NAME
Personal name ਗੁਲਾਟੀ, ਪਵਨ, ਚ।
245 #0 - TITLE STATEMENT
Title ਮੰਨੂ ਭੰਡਾਰੀ ਦੀਆਂ ਚੋਣਵੀਆਂ ਕਹਾਣੀਆਂ
Statement of responsibility, etc. ਗੁਲਾਟੀ, ਪਵਨ, ਚ।
260 ## - PUBLICATION, DISTRIBUTION, ETC.
Place of publication, distribution, etc. ਦਿੱਲੀ, ਭਾਰਤ
Name of publisher, distributor, etc. ਨੈਸਨਲ ਬੁਕ ਟਰੱਸਟ
Date of publication, distribution, etc. 2014
300 ## - PHYSICAL DESCRIPTION
Extent 213ਪ੍ਰ0
365 ## - TRADE PRICE
Price type code INR
Price amount 155
650 ## - SUBJECT ADDED ENTRY--TOPICAL TERM
Topical term or geographic name entry element Hindi LiteratureFiction
9 (RLIN) 726203
942 ## - ADDED ENTRY ELEMENTS (KOHA)
Koha item type Textbook
Classification part O152,3N31x 153Q4
Holdings
Withdrawn status Lost status Damaged status Not for loan Home library Current library Date acquired Source of acquisition Cost, normal purchase price Inventory number Total Checkouts Full call number Barcode Date last seen Price effective from Koha item type
        Central Library Central Library 2024-11-29 Eastern Book Linkers 155.00 1501 & 20/01/2023   O152,3N31x 153Q4 CL1679225 2024-11-29 2024-11-29 Textbook
Copyright @ Delhi University Library System